000 01161nam0a2200337 4500
001 RU\NLR\BIBL_A\022154769
005 20250128194045.0
010 _a978-5-7696-6939-2
_9600
021 _aRU
_bКН-П-23-083315
_9КН-П-23-8434
035 _a(NLR Aleph) 022154769
090 _a13320412
_c13320412
100 _a20240301d2023 m y0rusy50 ca
101 0 _asah
102 _aRU
105 _ay z 000 y
181 0 _ai
_baxxe
182 0 _an
200 1 _aСүрү күүhүрдүү
_eиитээччигэ көмӫ босуобуйа
_f[сост.Г. Н.: Дьячковская и др.]
203 _aТекст
_bвизуальный
_cнепосредственный
210 _aДьокуускай
_cАйар
_d2023
215 _a27,[4] с.
_d29
225 1 _aСаха уhуйаанаЧ411.352.
320 _aБиблиогр. в конце кн.
541 1 _aВоспитание силы духа и воли
_e[метод. пособие]
_zrus
686 1 _aЧ411.352
686 1 _aЧ421.352.21
702 1 _aДьячковская
_bГ. Н.
_4220
852 _aNLR
_bОНЛ
_jЯкут./5-184
942 _cBOOK
980 _aNB